00409cam a22001097a 4500008004000000082002900040100002500069245007800094260005800172300001100230440005800241180718b1972 xxu||||| |||| 00| 0 eng d aA81x54 In2/71/19/PT10B/M aCensus of India 1971 aTamil Nadu district census handbook, Madras city: primary census abstract aMadrasbThe Director of Stationery and Printingc1972 a777+p. aCensus of India 1971. Series-19, Tamil Nadu. Part X-B